Catálogo
 En Linea
Vista normal Vista MARC

Entrada Nombre personal

Número de registros utilizados en: 9

001 - NÚMERO DE CONTROL

  • campo de control: 18722

003 - IDENTIFICADOR DEL NÚMERO DE CONTROL

  • campo de control: OSt

005 - FECHA Y HORA DE LA ÚLTIMA TRANSACCIÓN

  • campo de control: 20210625144102.0

008 - DATOS DE LONGITUD FIJA

  • campo de control de longitud fija: 200615|| aca||aabn | a|a d

040 ## - FUENTE DE LA CATALOGACIÓN

  • Centro catalogador/agencia de origen: OSt
  • Centro/agencia transcriptor: OSt

100 1# - ENCABEZAMIENTO-NOMBRE DE PERSONA

  • Nombre de persona: Tejada, Darío

370 ## - LUGAR ASOCIADO

  • Lugar de nacimiento: República Dominicana

375 ## - GÉNERO/SEXO

  • Género/Sexo: Masculino

377 ## - LENGUA/LENGUAJE ASOCIADO

  • Código del idioma: spa

670 ## - FUENTE DE DATOS ENCONTRADOS

  • Cita de la fuente: Congreso Internacional "Música, identidad y cultura en el Caribe" (4: abril 8-10: Santiago de los Caballeros, República Dominicana) 18717, El merengue en la cultura dominicana y del Caribe /, 2006.

670 ## - FUENTE DE DATOS ENCONTRADOS

  • Cita de la fuente: Balance de una huelga, 1987

Con tecnología Koha